000 00692nam a22002537a 4500
999 _c6571
_d6571
001 6571
003 BD-JhCC
005 20180125184029.0
008 180125s1957 xxuad||| |||| 00| 0 eng d
035 _a(BD-JhCC)6571
040 _aBD-JhCC
_dBD-JhCC
041 _aeng
082 _a512
_bFRE 1957
100 _aFreilich, Julius
245 _aAlgebra For Problem Solving /
_cJulius Freilich, Simon L. Berman and Elsie Parker Jhonson
260 _aUSA :
_bThe Riverside Press,
_c1957.
300 _a560 p. :
_bill.;
_c23 cm.
504 _aIncludes Appendix
650 _aAlgebra
700 _aBerman, Simon L.
700 _aJhonson, Elsie Parker
942 _2ddc
_cBK